000 01238nam0a2200289 4500
001 RU\NLR\bibl\1118036
005 20260407114135.0
021 _aRU
_b2007-45748
_92440
035 _a(NLR Aleph) 001105032
090 _a1202359
_c1202359
100 _a20070816d2006 |||y0rusy50 ca
101 1 _arus
_aeng
_ceng
102 _aRU
105 _aa |||||||||
200 1 _aПевучей музыкой стиха ...
_eсборник стихов и переводов, [выполненных студентами СибАГС
_fавт.-сост.: Л.В. Ванчугова, Н.М. Сребная]
210 _aНовосибирск
_cСибАГС
_d2006
215 _a35 с.
_cил.
_d20
225 1 _aPoetry
300 _aТекст на рус. и англ. яз.
300 _a15-летию Академии посвящ.
686 _aШ6(0)07-5я43{Лх150-175}
702 1 _4220
_8rus
_7ca
_aВанчугова
_bЛ. В.
_gЛюдмила Викторовна
_3RU\NLR\auth\7782265
_965193
711 0 2 _aСибирская академия государственной службы
_cНовосибирск
_3RU\NLR\AUTH\889946362
_9388318
801 0 _aRU
_bNLR
_c20070816
_gRCR
801 1 _aRU
_bNLR
_c20070816
942 _cBOOK
980 _aNB